High temperature and reversion resistance of natural rubber- An application for tyre tread (Record no. 60406)

MARC details
000 -LEADER
fixed length control field 00589nam a2200193Ia 4500
100 ## - MAIN ENTRY--AUTHOR NAME
Personal name Vishwasrao J V
245 #0 - TITLE STATEMENT
Title High temperature and reversion resistance of natural rubber- An application for tyre tread
260 ## - PUBLICATION, DISTRIBUTION, ETC. (IMPRINT)
Name of publisher Papers presented at the IRMRA 18th Rubber Conference, Mumbai, January 20-21, 2000. p25-41
650 ## - SUBJECT ADDED ENTRY--TOPICAL TERM
Topical Term Curing
650 ## - SUBJECT ADDED ENTRY--TOPICAL TERM
Topical Term Mixing
650 ## - SUBJECT ADDED ENTRY--TOPICAL TERM
Topical Term moulding
650 ## - SUBJECT ADDED ENTRY--TOPICAL TERM
Topical Term Natural rubber
650 ## - SUBJECT ADDED ENTRY--TOPICAL TERM
Topical Term Reversion resistance
650 ## - SUBJECT ADDED ENTRY--TOPICAL TERM
Topical Term Tyre tread
700 ## - ADDED ENTRY--PERSONAL NAME
Personal name Banerji M S
700 ## - ADDED ENTRY--PERSONAL NAME
Personal name Das P K
942 ## - ADDED ENTRY ELEMENTS (KOHA)
Koha item type Journals
Holdings
Withdrawn status Lost status Damaged status Not for loan Home library Current library Shelving location Date acquired Koha item type
      Journals RRII Library RRII Library Rubber chemistry 17/12/2021 Journals